[Event "Bundesliga 2122"]
[Site "Germany"]
[Date "2022.03.06"]
[Round "2.5"]
[White "Ernst, Sipke"]
[Black "Begnis, Nikolaos"]
[Result "1-0"]
[WhiteElo "2537"]
[BlackElo "2278"]
[PlyCount "105"]
[EventDate "2022.03.05"]
[EventType "team-tourn"]
[EventRounds "15"]
[EventCountry "GER"]
[SourceTitle "EXT 2023"]
[Source "ChessBase"]
[SourceDate "2022.10.05"]
[SourceVersion "1"]
[SourceVersionDate "2022.10.05"]
[SourceQuality "1"]
[WhiteTeam "Hamburger SK"]
[BlackTeam "Aachen"]
[WhiteTeamCountry "GER"]
[BlackTeamCountry "GER"]

1. d4 Nf6 2. c4 g6 3. Nc3 Bg7 4. e4 d6 5. h4 c5 6. d5 h5 7. Be2 0-0 8. Nf3 b5 9. cxb5 a6 10. a4 axb5 11. Bxb5 Na6 12. Qe2 Nc7 13. Bc4 Bg4 14. Bg5 Qb8 15. Ra3 e6 16. 0-0 Re8 17. Qd3 exd5 18. exd5 Bf5 19. Qd2 Qb4 20. Nb5 Qxc4 21. Nxc7 Re2 22. Qd1 Bc2 23. Nd2 Bxd1 24. Nxc4 Rxa4 25. Rxa4 Bxa4 26. Ra1 Bb3 27. Nd2 Bxd5 28. Kf1 Re5 29. f3 Ne8 30. Nxd5 Rxd5 31. Ra8 Re5 32. Ne4 Kh7 33. Bf4 Rxe4 34. fxe4 Nf6 35. e5 dxe5 36. Bxe5 Ne4 37. Bxg7 Kxg7 38. Ke2 Kf6 39. Kd3 Nd6 40. Ra5 c4+ 41. Kd4 Ke6 42. Ra6 Ke7 43. Ra5 Ke6 44. Re5+ Kd7 45. Kd5 f6 46. Re6 Nf5 47. Rxf6 Ne3+ 48. Ke4 Nxg2 49. Rxg6 Nxh4 50. Rg5 Ke7 51. Rxh5 Ng6 52. Rh7+ Kf6 53. Rh6 1-0

[Event "Bundesliga 2122"]
[Site "Germany"]
[Date "2022.03.05"]
[Round "1.5"]
[White "Begnis, Nikolaos"]
[Black "Dziuba, Marcin"]
[Result "0-1"]
[WhiteElo "2278"]
[BlackElo "2568"]
[PlyCount "66"]
[EventDate "2022.03.05"]
[EventType "team-tourn"]
[EventRounds "15"]
[EventCountry "GER"]
[SourceTitle "EXT 2023"]
[Source "ChessBase"]
[SourceDate "2022.10.05"]
[SourceVersion "1"]
[SourceVersionDate "2022.10.05"]
[SourceQuality "1"]
[WhiteTeam "Aachen"]
[BlackTeam "Kiel Turm"]
[WhiteTeamCountry "GER"]
[BlackTeamCountry "GER"]

1. e4 c5 2. Nf3 d6 3. d4 cxd4 4. Nxd4 Nf6 5. Nc3 Nc6 6. Bc4 Qb6 7. Nb3 e6 8. 0-0 Be7 9. Be3 Qc7 10. Be2 0-0 11. f4 a6 12. a4 b6 13. Bf3 Bb7 14. Qe2 Rac8 15. g4 Nd7 16. g5 Rfe8 17. Bg2 g6 18. Qf2 Bf8 19. f5 Nce5 20. Bd4 Bg7 21. Kh1 Qd8 22. Qg3 Rc4 23. Rad1 Bc6 24. Bg1 gxf5 25. Nd4 Bxe4 26. Nxe4 fxe4 27. Bxe4 d5 28. Bg2 Qc7 29. c3 Rxa4 30. Rf4 Rc4 31. Rdf1 Nf8 32. h4 Neg6 33. Qg4 Nxf4 0-1

[Event "Bundesliga 1920"]
[Site "Germany"]
[Date "2020.02.09"]
[Round "6.8"]
[White "Begnis, Nikolaos"]
[Black "Ribli, Zoltan"]
[Result "1-0"]
[WhiteElo "2279"]
[BlackElo "2534"]
[PlyCount "55"]
[EventDate "2019.11.23"]
[EventType "team-tourn"]
[EventRounds "15"]
[EventCountry "GER"]
[SourceTitle "CBM 194 Extra"]
[Source "ChessBase"]
[SourceDate "2020.03.31"]
[SourceVersion "1"]
[SourceVersionDate "2020.03.31"]
[SourceQuality "1"]
[WhiteTeam "Aachen"]
[BlackTeam "Bayern Muenchen"]
[WhiteTeamCountry "GER"]
[BlackTeamCountry "GER"]

1. e4 c5 2. Nf3 e6 3. d4 cxd4 4. Nxd4 Nc6 5. Nc3 Qc7 6. Be2 a6 7. Be3 Nf6 8. 0-0 Be7 9. f4 d6 10. Kh1 0-0 11. a4 Re8 12. Bd3 Bd7 13. Qe1 Nb4 14. a5 Rac8 15. Qg3 Nxd3 16. cxd3 Bf8 17. f5 e5 18. Nf3 Bc6 19. Bb6 Qb8 20. Rad1 d5 21. exd5 Nxd5 22. Ng5 Nxb6 23. axb6 Qd6 24. f6 g6 25. Nce4 Qd7 26. Nxh7 Bxe4 27. dxe4 Qb5 28. Qh4 1-0

[Event "Bundesliga 1920"]
[Site "Germany"]
[Date "2019.12.08"]
[Round "4.2"]
[White "Begnis, Nikolaos"]
[Black "Heinemann, Thies"]
[Result "0-1"]
[WhiteElo "2279"]
[BlackElo "2501"]
[PlyCount "78"]
[EventDate "2019.11.23"]
[EventType "team-tourn"]
[EventRounds "15"]
[EventCountry "GER"]
[SourceTitle "CBM 193 Extra"]
[Source "ChessBase"]
[SourceDate "2020.01.31"]
[SourceVersion "1"]
[SourceVersionDate "2020.01.31"]
[SourceQuality "1"]
[WhiteTeam "Aachen"]
[BlackTeam "Hamburger SK"]
[WhiteTeamCountry "GER"]
[BlackTeamCountry "GER"]

1. e4 c5 2. d4 cxd4 3. c3 dxc3 4. Nxc3 Nc6 5. Nf3 d6 6. Bc4 a6 7. 0-0 Nf6 8. Bf4 e6 9. Qe2 Be7 10. Rfd1 Qc7 11. Rac1 Qb8 12. e5 Nh5 13. Bg5 dxe5 14. Bxe7 Nf4 15. Qe3 Nxe7 16. Ne4 0-0 17. Nd6 f6 18. a4 Nfd5 19. Qa3 Bd7 20. Ne4 b6 21. Ba2 Ra7 22. Bb1 Rc8 23. Nfd2 Rxc1 24. Rxc1 Rc7 25. Re1 Nf5 26. Nc3 Qf8 27. Qa2 Nxc3 28. bxc3 Nh4 29. Ne4 f5 30. Ng5 Qf6 31. f4 h6 32. Nh3 e4 33. Qf2 b5 34. axb5 Bxb5 35. Ba2 Rxc3 36. Qb6 Rc6 37. Qb8+ Kh7 38. Rd1 Qb2 39. Nf2 e3 0-1

[Event "Bundesliga 1920"]
[Site "Germany"]
[Date "2019.12.07"]
[Round "3.1"]
[White "Bjerre, Jonas Buhl"]
[Black "Begnis, Nikolaos"]
[Result "1-0"]
[WhiteElo "2529"]
[BlackElo "2279"]
[PlyCount "83"]
[EventDate "2019.11.23"]
[EventType "team-tourn"]
[EventRounds "15"]
[EventCountry "GER"]
[SourceTitle "CBM 193 Extra"]
[Source "ChessBase"]
[SourceDate "2020.01.31"]
[SourceVersion "1"]
[SourceVersionDate "2020.01.31"]
[SourceQuality "1"]
[WhiteTeam "Kiel Turm"]
[BlackTeam "Aachen"]
[WhiteTeamCountry "GER"]
[BlackTeamCountry "GER"]

1. e4 c5 2. Nf3 Nc6 3. d4 cxd4 4. Nxd4 e6 5. Nc3 d6 6. g4 a6 7. Be3 Bd7 8. g5 Qc7 9. h4 Nxd4 10. Qxd4 Ne7 11. 0-0-0 Nc6 12. Qd2 b5 13. h5 Rc8 14. Kb1 Na5 15. a3 Rb8 16. Bf4 Nc4 17. Bxc4 bxc4 18. Ka2 Rb6 19. Be3 Rb8 20. f4 Be7 21. f5 Qb7 22. Rb1 exf5 23. Qd4 Rg8 24. Rhe1 f4 25. Bxf4 Qb6 26. Qd2 Be6 27. Nd5 Qc6 28. Qc3 Rb5 29. Rbd1 Bd8 30. Qg3 c3 31. b3 a5 32. Rd4 Bb6 33. Rc4 Bc5 34. Qxc3 Kd7 35. a4 Rb4 36. Rd1 Rxc4 37. Qxc4 Rb8 38. Qc3 Rb4 39. Nxb4 axb4 40. Qd3 Qxa4+ 41. Kb1 Qc6 42. Bxd6 1-0

[Event "Bundesliga 1920"]
[Site "Germany"]
[Date "2019.11.24"]
[Round "2.6"]
[White "Begnis, Nikolaos"]
[Black "Bodrozic, Tomislav"]
[Result "1/2-1/2"]
[WhiteElo "2279"]
[BlackElo "2363"]
[PlyCount "56"]
[EventDate "2019.11.23"]
[EventType "team-tourn"]
[EventRounds "15"]
[EventCountry "GER"]
[SourceTitle "CBM 193 Extra"]
[Source "ChessBase"]
[SourceDate "2020.01.31"]
[SourceVersion "1"]
[SourceVersionDate "2020.01.31"]
[SourceQuality "1"]
[WhiteTeam "Aachen"]
[BlackTeam "Speyer Schwegenheim"]
[WhiteTeamCountry "GER"]
[BlackTeamCountry "GER"]

1. e4 c5 2. Nf3 d6 3. c3 Nf6 4. h3 g6 5. Bd3 Bg7 6. Bc2 e5 7. d4 exd4 8. cxd4 cxd4 9. Nxd4 0-0 10. 0-0 Nc6 11. Ne2 d5 12. exd5 Nxd5 13. Nbc3 Be6 14. Be4 Nxc3 15. Nxc3 Bc4 16. Re1 Qxd1 17. Rxd1 Rfe8 18. Bd5 Bxd5 19. Nxd5 h6 20. Be3 Rad8 21. Rab1 Re6 22. Rd2 Nd4 23. Bxd4 Rxd5 24. Rbd1 Bxd4 25. Rxd4 Rxd4 26. Rxd4 Re2 27. Rb4 b6 28. a4 Kg7 1/2-1/2

[Event "BL2-West 1819"]
[Site "Germany"]
[Date "2018.12.16"]
[Round "4.8"]
[White "Hobusch, Jan"]
[Black "Begnis, Nikolaos"]
[Result "1/2-1/2"]
[WhiteElo "2219"]
[BlackElo "2273"]
[PlyCount "46"]
[EventDate "2018.11.21"]
[EventType "team-tourn"]
[EventRounds "9"]
[EventCountry "GER"]
[SourceTitle "CBM 190 Extra"]
[Source "ChessBase"]
[SourceDate "2019.07.15"]
[SourceVersion "1"]
[SourceVersionDate "2019.07.15"]
[SourceQuality "1"]
[WhiteTeam "Solingen II"]
[BlackTeam "Aachen SV"]
[WhiteTeamCountry "GER"]
[BlackTeamCountry "GER"]

1. d4 g6 2. e4 Bg7 3. Nc3 d6 4. Bg5 Nf6 5. e5 Nfd7 6. exd6 cxd6 7. Qd2 0-0 8. 0-0-0 Nf6 9. h4 h5 10. Nf3 Bg4 11. Be2 Nbd7 12. Bh6 Qa5 13. Kb1 Rfc8 14. Bxg7 Kxg7 15. Ng5 Bxe2 16. Qxe2 Rxc3 17. bxc3 Nd5 18. Rh3 Nxc3+ 19. Rxc3 Qxc3 20. Qxe7 Qb4+ 21. Ka1 Qc3+ 22. Kb1 Qb4+ 23. Ka1 Qc3+ 1/2-1/2

[Event "Mittelrhein Regionalliga 18/19"]
[Site "Nordrheinwestfalen"]
[Date "2018.10.28"]
[Round "3.1"]
[White "Loifenfeld, Jakov"]
[Black "Begnis, Nikolaos"]
[Result "1-0"]
[WhiteElo "2410"]
[BlackElo "2228"]
[PlyCount "115"]
[EventDate "2018.10.28"]
[EventType "team-tourn"]
[EventRounds "11"]
[EventCountry "GER"]
[SourceTitle "EXT 2022"]
[Source "ChessBase"]
[SourceDate "2021.10.06"]
[SourceVersion "1"]
[SourceVersionDate "2021.10.06"]
[SourceQuality "1"]
[WhiteTeam "Bruehl"]
[BlackTeam "Aachen SV II"]
[WhiteTeamCountry "GER"]
[BlackTeamCountry "GER"]

1. d4 Nf6 2. c4 g6 3. Nc3 Bg7 4. e4 d6 5. h3 0-0 6. Be3 Na6 7. Nf3 e5 8. d5 Nh5 9. g3 Qe8 10. Be2 f5 11. exf5 gxf5 12. Nh4 Nf6 13. Qc2 f4 14. gxf4 exf4 15. Bd4 Nb4 16. Qd2 f3 17. Rg1 Qe7 18. Nxf3 Bf5 19. 0-0-0 Bg6 20. Ng5 c5 21. dxc6 Nxc6 22. Be3 Rad8 23. Nd5 Nxd5 24. Qxd5+ Kh8 25. a3 Qf6 26. Rd2 Ne5 27. f4 Qf5 28. Ne4 Qxe4 29. Qxe4 Bxe4 30. fxe5 Bxe5 31. Bxa7 Bg6 32. Bd4 Bxd4 33. Rxd4 Rf2 34. Bd3 Kg7 35. Bxg6 hxg6 36. Rdg4 Rf6 37. Kc2 Re8 38. R1g2 Re3 39. R4g3 Re4 40. Kc3 Kf7 41. b3 Re5 42. Rd2 Ke6 43. Rdg2 Kf7 44. Kb4 Ref5 45. Rd2 Ke6 46. a4 Re5 47. Rdg2 Kf7 48. a5 Ref5 49. Ka4 Re6 50. Rg5 Rf1 51. Rb5 Re7 52. Rd2 Rd7 53. Rbd5 Rf6 54. Kb5 Ke7 55. c5 Rf3 56. b4 Rxh3 57. Rxd6 Rxd6 58. Rxd6 1-0

[Event "BL2-West 1718"]
[Site "Germany"]
[Date "2017.12.10"]
[Round "4.8"]
[White "Peschel, Andreas"]
[Black "Begnis, Nikolaos"]
[Result "1/2-1/2"]
[WhiteElo "2193"]
[BlackElo "2278"]
[PlyCount "42"]
[EventDate "2017.10.08"]
[EventType "team-tourn"]
[EventRounds "9"]
[EventCountry "GER"]
[SourceTitle "CBM 183 Extra"]
[Source "ChessBase"]
[SourceDate "2018.04.19"]
[SourceVersion "1"]
[SourceVersionDate "2018.04.19"]
[SourceQuality "1"]
[WhiteTeam "Solingen"]
[BlackTeam "Aachen SV"]
[WhiteTeamCountry "GER"]
[BlackTeamCountry "GER"]

1. Nf3 Nf6 2. g3 g6 3. b3 Bg7 4. Bb2 0-0 5. Bg2 d6 6. d4 c5 7. 0-0 cxd4 8. Nxd4 d5 9. c4 e5 10. Nf3 e4 11. Nd4 dxc4 12. Na3 cxb3 13. Qxb3 Nc6 14. Rfd1 Qa5 15. Qb5 Qxb5 16. Naxb5 Nxd4 17. Bxd4 Bg4 18. Kf1 Rfd8 19. Rab1 Rd7 20. Bxf6 Bxf6 21. Rxd7 Bxd7 1/2-1/2

[Event "BL2-West 1718"]
[Site "Germany"]
[Date "2017.10.22"]
[Round "2.6"]
[White "Ackermann, Hans Werner"]
[Black "Begnis, Nikolaos"]
[Result "1/2-1/2"]
[WhiteElo "2290"]
[BlackElo "2278"]
[PlyCount "149"]
[EventDate "2017.10.08"]
[EventType "team-tourn"]
[EventRounds "9"]
[EventCountry "GER"]
[SourceTitle "CBM 183 Extra"]
[Source "ChessBase"]
[SourceDate "2018.04.19"]
[SourceVersion "1"]
[SourceVersionDate "2018.04.19"]
[SourceQuality "1"]
[WhiteTeam "Dortmund Hansa"]
[BlackTeam "Aachen SV"]
[WhiteTeamCountry "GER"]
[BlackTeamCountry "GER"]

1. Nf3 Nf6 2. g3 g6 3. Bg2 Bg7 4. c4 0-0 5. Nc3 d6 6. d4 Nc6 7. 0-0 a6 8. h3 Rb8 9. Bg5 Na5 10. Qd3 b5 11. cxb5 axb5 12. b4 Nc4 13. e4 c6 14. Nd2 h6 15. Be3 Nxe3 16. Qxe3 Nd7 17. Rac1 Qb6 18. Nb3 e5 19. d5 c5 20. a3 f5 21. Rfe1 f4 22. Qf3 fxg3 23. Qxg3 Kh7 24. Nd1 c4 25. Na5 Nf6 26. a4 Nh5 27. Qe3 Qxe3 28. Rxe3 bxa4 29. Rxc4 Bd7 30. Rc7 Nf6 31. Nb7 Ra8 32. Rcc3 Ra6 33. Na5 Rb6 34. Rc4 Rfb8 35. Nc6 Ra8 36. Ra3 Nh5 37. Nc3 Nf4 38. Nxa4 Bxh3 39. Bxh3 Nxh3+ 40. Rxh3 Rxa4 41. Rf3 Rb7 42. Rcc3 Ra1+ 43. Kg2 Re1 44. Rfe3 Rb1 45. Rb3 Rc1 46. Re2 Ra1 47. Rbb2 Bf6 48. Ra2 Rb1 49. Reb2 Rxb2 50. Rxb2 Kg7 51. Ra2 Kf7 52. Ra8 h5 53. Kf3 g5 54. Ke2 g4 55. Kf1 h4 56. f3 gxf3 57. Kf2 Kg6 58. Kxf3 Rf7 59. Ra7 Rf8 60. Rd7 Kg5 61. b5 Bd8+ 62. Ke2 Bb6 63. Rg7+ Kf4 64. Kd3 Ra8 65. Rf7+ Kg3 66. Ne7 Ra3+ 67. Kd2 Rf3 68. Nf5+ Kf2 69. Rh7 h3 70. Nxd6 Ba5+ 71. Kd1 Kg2 72. Nf5 Rb3 73. Rg7+ Kf2 74. Rh7 Kg2 75. Rg7+ 1/2-1/2

[Event "BL2-West 1415"]
[Site "Germany"]
[Date "2015.03.15"]
[Round "8.4"]
[White "Hachijan, Armen"]
[Black "Begnis, Nikolaos"]
[Result "1-0"]
[WhiteElo "2241"]
[BlackElo "2325"]
[PlyCount "107"]
[EventDate "2014.09.21"]
[EventType "team-tourn"]
[EventRounds "9"]
[EventCountry "GER"]
[SourceTitle "CBM 166 Extra"]
[Source "ChessBase"]
[SourceDate "2015.06.18"]
[SourceVersion "1"]
[SourceVersionDate "2015.06.18"]
[SourceQuality "1"]
[WhiteTeam "Emsdetten Turm II"]
[BlackTeam "Aachen SV"]
[WhiteTeamCountry "GER"]
[BlackTeamCountry "GER"]

1. e4 c5 2. Nf3 Nc6 3. d4 cxd4 4. Nxd4 Nf6 5. Nc3 d6 6. Bg5 e6 7. Qd2 Be7 8. 0-0-0 0-0 9. h4 Nxd4 10. Qxd4 Qa5 11. f3 a6 12. Bd2 Qc5 13. Qxc5 dxc5 14. Bf4 b5 15. e5 Nd7 16. Ne4 c4 17. Rh3 Nc5 18. Nd6 Rd8 19. Bg5 f6 20. exf6 gxf6 21. Bf4 Bxd6 22. Bxd6 Nb7 23. Bf4 Rxd1+ 24. Kxd1 Kf7 25. Rg3 Bd7 26. b3 cxb3 27. cxb3 Rd8 28. Bh6 Bc6+ 29. Kc2 Rg8 30. Rxg8 Kxg8 31. Kc3 Kf7 32. Bd3 Kg8 33. Be3 Kg7 34. Bb6 f5 35. Kb4 Kf6 36. a4 bxa4 37. bxa4 a5+ 38. Bxa5 Nxa5 39. Kxa5 e5 40. Bb5 Ba8 41. Kb4 e4 42. f4 Ke7 43. g3 Kd6 44. Be2 Kd5 45. Kc3 Kc5 46. Bb5 Kd6 47. Kd4 Bd5 48. a5 Ba8 49. a6 Bd5 50. h5 h6 51. Be8 Ba8 52. Bg6 Ke6 53. a7 Bb7 54. g4 1-0

[Event "BL2-West 1314"]
[Site "Germany"]
[Date "2014.02.23"]
[Round "7.5"]
[White "Mertens, Heiko"]
[Black "Begnis, Nikolaos"]
[Result "1-0"]
[WhiteElo "2324"]
[BlackElo "2326"]
[PlyCount "79"]
[EventDate "2013.10.13"]
[EventType "team-tourn"]
[EventRounds "9"]
[EventCountry "GER"]
[SourceTitle "EXT 2015"]
[Source "ChessBase"]
[SourceDate "2014.11.20"]
[SourceVersion "1"]
[SourceVersionDate "2014.11.20"]
[SourceQuality "1"]
[WhiteTeam "Godesberg"]
[BlackTeam "Aachen SV"]
[WhiteTeamCountry "GER"]
[BlackTeamCountry "GER"]

1. e4 c5 2. Nf3 d6 3. d4 cxd4 4. Nxd4 Nf6 5. Nc3 Nc6 6. Bc4 e6 7. a3 Be7 8. Ba2 0-0 9. 0-0 Nxd4 10. Qxd4 Qa5 11. h3 Bd7 12. Be3 a6 13. f4 Rac8 14. Rad1 Bc6 15. f5 e5 16. Qd2 Qc7 17. Qd3 b5 18. Bg5 Nxe4 19. Bxe7 Nxc3 20. Bxf8 Nxd1 21. Bxg7 Qb6+ 22. Kh2 Qe3 23. Qxd1 Qg5 24. Rf2 Kxg7 25. Qxd6 Qf6 26. Qxf6+ Kxf6 27. Rd2 Be4 28. c3 Bxf5 29. Rf2 Kg5 30. Bxf7 Rf8 31. Bd5 Rd8 32. c4 bxc4 33. Bxc4 a5 34. g4 Bg6 35. Kg3 Kh6 36. h4 Rd4 37. Be2 Kg7 38. g5 Rd2 39. h5 Rxb2 40. h6+ 1-0

[Event "BL2-West 1314"]
[Site "Germany"]
[Date "2014.02.10"]
[Round "6.4"]
[White "Lutz, Christopher"]
[Black "Begnis, Nikolaos"]
[Result "1/2-1/2"]
[WhiteElo "2559"]
[BlackElo "2326"]
[PlyCount "53"]
[EventDate "2013.10.13"]
[EventType "team-tourn"]
[EventRounds "9"]
[EventCountry "GER"]
[SourceTitle "EXT 2015"]
[Source "ChessBase"]
[SourceDate "2014.11.20"]
[SourceVersion "1"]
[SourceVersionDate "2014.11.20"]
[SourceQuality "1"]
[WhiteTeam "Koeln Porz"]
[BlackTeam "Aachen SV"]
[WhiteTeamCountry "GER"]
[BlackTeamCountry "GER"]

1. e4 c5 2. Nf3 d6 3. d4 cxd4 4. Nxd4 Nf6 5. Nc3 Nc6 6. Bg5 e6 7. Qd2 Be7 8. 0-0-0 0-0 9. f4 h6 10. Bh4 e5 11. Nf5 Bxf5 12. exf5 exf4 13. Kb1 d5 14. Bxf6 Bxf6 15. Nxd5 Be5 16. c3 Ne7 17. Nxe7+ Qxe7 18. Bc4 Qf6 19. Qc2 b5 20. Bxb5 Rab8 21. Rd5 a6 22. Bxa6 Bxc3 23. Bb5 Bd4 24. Re1 Rfc8 25. Qb3 Be3 26. g3 Rc5 27. Rxc5 1/2-1/2

[Event "BL2-West 1314"]
[Site "Germany"]
[Date "2014.01.19"]
[Round "5.6"]
[White "Begnis, Nikolaos"]
[Black "Schmittdiel, Eckhard"]
[Result "0-1"]
[WhiteElo "2326"]
[BlackElo "2428"]
[PlyCount "56"]
[EventDate "2013.10.13"]
[EventType "team-tourn"]
[EventRounds "9"]
[EventCountry "GER"]
[SourceTitle "EXT 2015"]
[Source "ChessBase"]
[SourceDate "2014.11.20"]
[SourceVersion "1"]
[SourceVersionDate "2014.11.20"]
[SourceQuality "1"]
[WhiteTeam "Aachen SV"]
[BlackTeam "Dortmund Hansa"]
[WhiteTeamCountry "GER"]
[BlackTeamCountry "GER"]

1. e4 e6 2. d4 d5 3. Nd2 f5 4. exf5 exf5 5. Bb5+ c6 6. Qh5+ g6 7. Qe2+ Qe7 8. Bd3 Nf6 9. Ndf3 Ne4 10. Bf4 Nd7 11. h4 Bg7 12. Nh3 0-0 13. 0-0-0 a5 14. h5 gxh5 15. Ne5 Nxe5 16. dxe5 Be6 17. f3 Nc5 18. Ng5 Nxd3+ 19. Qxd3 Bf7 20. Nxf7 Qxf7 21. Rh3 Rae8 22. Rdh1 Bxe5 23. Bxe5 Rxe5 24. Qc3 Rfe8 25. f4 R5e6 26. Rg3+ Rg6 27. Rxh5 d4 28. Qf3 Re3 0-1

[Event "BEL-chT 1011"]
[Site "Belgium"]
[Date "2011.02.27"]
[Round "9.7"]
[White "Begnis, Nikolaos"]
[Black "Coenen, Norbert"]
[Result "1/2-1/2"]
[WhiteElo "2293"]
[BlackElo "2353"]
[PlyCount "44"]
[EventDate "2010.09.26"]
[EventType "team-tourn"]
[EventRounds "11"]
[EventCountry "BEL"]
[SourceTitle "EXT 2012"]
[Source "ChessBase"]
[SourceDate "2011.11.24"]
[SourceVersion "1"]
[SourceVersionDate "2011.11.24"]
[SourceQuality "1"]
[WhiteTeam "Rochade"]
[BlackTeam "Eynatten II"]
[WhiteTeamCountry "BEL"]
[BlackTeamCountry "BEL"]

1. e4 c5 2. Nf3 Nc6 3. d4 cxd4 4. Nxd4 g6 5. c4 Nf6 6. Nc3 d6 7. Be2 Nxd4 8. Qxd4 Bg7 9. Be3 0-0 10. Qd2 a5 11. Rc1 a4 12. f3 Qa5 13. Rc2 Be6 14. Nd5 Qxd2+ 15. Kxd2 Nxd5 16. cxd5 Bc8 17. Rb1 Bf6 18. Bb5 Ra5 19. Bd3 Ra8 20. Rc4 e6 21. Rb4 exd5 22. exd5 Bd8 1/2-1/2

[Event "Oberliga NRW 1011"]
[Site "Germany"]
[Date "2010.10.24"]
[Round "2.5"]
[White "Begnis, Nikolaos"]
[Black "Rott, Georg"]
[Result "0-1"]
[WhiteElo "2293"]
[BlackElo "2221"]
[PlyCount "80"]
[EventDate "2010.09.26"]
[EventType "team-tourn"]
[EventRounds "9"]
[EventCountry "GER"]
[SourceTitle "EXT 2012"]
[Source "ChessBase"]
[SourceDate "2011.11.24"]
[SourceVersion "1"]
[SourceVersionDate "2011.11.24"]
[SourceQuality "1"]
[WhiteTeam "Aachen"]
[BlackTeam "Muenster"]
[WhiteTeamCountry "GER"]
[BlackTeamCountry "GER"]

1. e4 e6 2. d4 d5 3. exd5 exd5 4. c4 Bb4+ 5. Nc3 Ne7 6. Bd3 dxc4 7. Bxc4 0-0 8. Nge2 Bg4 9. 0-0 Nbc6 10. h3 Bf5 11. Bf4 Bd6 12. Re1 a6 13. a3 Ng6 14. Bxd6 Qxd6 15. d5 Nce5 16. Bb3 Bxh3 17. Qd4 Bg4 18. Ng3 Rae8 19. Bc2 Qf6 20. Re4 Bf3 21. Rae1 Bxe4 22. Rxe4 Nd7 23. Qb4 b6 24. Ba4 Qd8 25. Nf5 Rxe4 26. Nxe4 Nf6 27. Qd4 b5 28. Bb3 Re8 29. f3 Re5 30. g4 Nxe4 31. fxe4 Qg5 32. Bd1 h5 33. d6 cxd6 34. Nxd6 hxg4 35. Bb3 Qc1+ 36. Kf2 g3+ 37. Ke2 Nf4+ 38. Kf3 Qf1+ 39. Kg4 Nd3 40. Bxf7+ Kh7 0-1

[Event "BL2-West 0910"]
[Site "Germany"]
[Date "2010.02.07"]
[Round "6.8"]
[White "Begnis, Nikolaos"]
[Black "Geske, Julian"]
[Result "0-1"]
[WhiteElo "2417"]
[BlackElo "2276"]
[PlyCount "136"]
[EventDate "2009.10.18"]
[EventType "team-tourn"]
[EventRounds "9"]
[EventCountry "GER"]
[SourceTitle "EXT 2011"]
[Source "ChessBase"]
[SourceDate "2010.11.26"]
[SourceVersion "1"]
[SourceVersionDate "2010.11.26"]
[SourceQuality "1"]
[WhiteTeam "Aachen"]
[BlackTeam "Hofheim"]
[WhiteTeamCountry "GER"]
[BlackTeamCountry "GER"]

1. e4 e5 2. Bc4 Nf6 3. d3 Nc6 4. Nc3 Bb4 5. Nf3 d5 6. exd5 Nxd5 7. 0-0 Bxc3 8. bxc3 0-0 9. Bd2 Re8 10. Re1 Bg4 11. h3 Bh5 12. Rb1 Nb6 13. Bb5 Qd6 14. g4 Bg6 15. Nh4 a6 16. Bxc6 Qxc6 17. Qf3 Qxf3 18. Nxf3 e4 19. dxe4 Bxe4 20. Nd4 Nc4 21. Bf4 c5 22. Nb3 Bxc2 23. Rbc1 Bxb3 24. axb3 Na5 25. b4 cxb4 26. cxb4 Nc6 27. Bd6 f6 28. Rb1 Rxe1+ 29. Rxe1 Rd8 30. Bc5 Kf7 31. Kg2 Rd5 32. Rc1 h5 33. Kg3 Kg6 34. Rc4 Ne5 35. Rd4 Rxd4 36. Bxd4 Nc6 37. Bc3 b6 38. Kf4 a5 39. bxa5 bxa5 40. Bb2 hxg4 41. hxg4 Ne5 42. Bc3 Nc4 43. f3 a4 44. Ke4 Kg5 45. Kd4 Ne5 46. Ke4 Nd7 47. Bd2+ Kg6 48. f4 a3 49. Kd4 Kf7 50. Kc4 a2 51. Bc3 Nb6+ 52. Kb3 Nd5 53. Bd4 Nxf4 54. Kxa2 Kg6 55. Kb2 Kg5 56. Kc2 Kxg4 57. Kd2 Kf3 58. Ke1 Nh5 59. Bc5 g5 60. Kf1 g4 61. Kg1 g3 62. Bb6 f5 63. Bc7 Nf4 64. Bb6 Ne2+ 65. Kh1 g2+ 66. Kh2 g1Q+ 67. Bxg1 Nxg1 68. Kxg1 Ke2 0-1

[Event "Oberliga NRW 0809"]
[Site "Germany"]
[Date "2009.03.01"]
[Round "7.6"]
[White "Begnis, Nikolaos"]
[Black "Imcke, Patrick"]
[Result "1-0"]
[WhiteElo "2267"]
[BlackElo "1711"]
[PlyCount "35"]
[EventDate "2008.09.21"]
[EventType "team-tourn"]
[EventRounds "9"]
[EventCountry "GER"]
[SourceTitle "EXT 2010"]
[Source "ChessBase"]
[SourceDate "2010.11.25"]
[SourceVersion "1"]
[SourceVersionDate "2010.11.25"]
[SourceQuality "1"]
[WhiteTeam "Aachen"]
[BlackTeam "Katernberg II"]
[WhiteTeamCountry "GER"]
[BlackTeamCountry "GER"]

1. e4 e6 2. d4 d5 3. Nd2 c5 4. exd5 exd5 5. Bb5+ Nc6 6. Ngf3 Nf6 7. 0-0 Be7 8. dxc5 Bxc5 9. Nb3 Bb6 10. Nfd4 Bd7 11. Re1+ Ne7 12. Bxd7+ Qxd7 13. Bg5 0-0 14. Bxf6 gxf6 15. Rxe7 Qxe7 16. Qg4+ Kh8 17. Nf5 Rg8 18. Qxg8+ 1-0